000 00327nam a22001457a 4500
003 OSt
005 20221122144853.0
008 221122b |||||||| |||| 00| 0 eng d
020 _a9780340941553
040 _cHu
082 _a378.0702
100 _aClarke Alan
_937279
245 _aIct Skill For Life
942 _2ddc
_cBOOKS
_n0
999 _c35698
_d35698